[Event "Deutsche Ländermeisterschaft 2012"]
[Site "Hannover GER"]
[Date "2012.09.29"]
[Round "1"]
[White "Bräuer, Franz"]
[Black "Graf, Felix"]
[Result "1/2-1/2"]
[Termination "normal"]
[Board "1.1"]
[WhiteTitle "18"]
[BlackTitle "20"]
[WhiteElo "2222"]
[BlackElo "2449"]
[WhiteTeam "Thüringen"]
[BlackTeam "Bayern"]
[PlyCount "72"]
[WhiteFideId "24634468"]
[BlackFideId "24608904"]
[EventCountry "GER"]
[EventRounds "7"]
[EventType "team-swiss"]
[EventDate "2012.09.28"]

1. Nf3 Nf6 2. c4 c6 3. d4 d5 4. Nbd2 g6 5. g3 Bg7 6. Bg2 O-O 7. O-O a5 8. b3 a4
9. Bb2 Bf5 10. Ne5 Nbd7 11. Nxd7 Qxd7 12. bxa4 Ra7 13. a5 Rxa5 14. Nb3 Ra7 15.
Nc5 Qc7 16. cxd5 cxd5 17. Qb3 b6 18. Nd3 Bxd3 19. Qxd3 Rfa8 20. Rfc1 Qb7 21.
Qb3 e6 22. e3 Ne4 23. Bxe4 dxe4 24. Rcb1 h5 25. h4 Bf6 26. Bc3 Ra3 27. Qc2 Qd5
28. Rxb6 Rxa2 29. Rxa2 Rxa2 30. Qb3 Qxb3 31. Rxb3 Rc2 32. Bb4 Rc6 33. Ba5 Rc8
34. Rb5 Kg7 35. Bb4 Kh7 36. Bd6 Rc6 1/2-1/2

[Event "Deutsche Ländermeisterschaft 2012"]
[Site "Hannover GER"]
[Date "2012.09.29"]
[Round "1"]
[White "Berchtenbreiter, Maximilian"]
[Black "Urban, Lars"]
[Result "1-0"]
[Termination "normal"]
[Board "1.2"]
[WhiteTitle "18"]
[BlackTitle "16"]
[WhiteElo "2328"]
[BlackElo "2064"]
[WhiteTeam "Bayern"]
[BlackTeam "Thüringen"]
[PlyCount "51"]
[WhiteFideId "24641120"]
[BlackFideId "4644034"]
[EventCountry "GER"]
[EventRounds "7"]
[EventType "team-swiss"]
[EventDate "2012.09.28"]

1. e4 e6 2. d4 d5 3. Nc3 Nf6 4. e5 Nfd7 5. f4 c5 6. Nf3 Nc6 7. Be3 Be7 8. dxc5
Nxc5 9. Qd2 O-O 10. O-O-O Qa5 11. Kb1 Rb8 12. Qf2 b5 13. Bxc5 b4 14. Nb5 Rxb5
15. Bxe7 Nxe7 16. Bxb5 Qxb5 17. Qxa7 Nc6 18. Qc7 Ba6 19. Nd4 Nxd4 20. Rxd4 Qe2
21. Rxb4 Qxg2 22. Rc1 g6 23. Rb8 Rxb8 24. Qxb8+ Kg7 25. Qa7 Be2 26. f5 1-0

[Event "Deutsche Ländermeisterschaft 2012"]
[Site "Hannover GER"]
[Date "2012.09.29"]
[Round "1"]
[White "Sukaylo, Aleksey"]
[Black "Klek, Hanna Marie"]
[Result "0-1"]
[Termination "normal"]
[Board "1.3"]
[WhiteTitle "18"]
[BlackTitle "18w"]
[WhiteElo "2011"]
[BlackElo "2214"]
[WhiteTeam "Thüringen"]
[BlackTeam "Bayern"]
[PlyCount "62"]
[WhiteFideId "12912344"]
[BlackFideId "24670057"]
[EventCountry "GER"]
[EventRounds "7"]
[EventType "team-swiss"]
[EventDate "2012.09.28"]

1. e4 e5 2. Nf3 Nc6 3. Bc4 Bc5 4. c3 Nf6 5. d4 exd4 6. cxd4 Bb4+ 7. Bd2 Bxd2+
8. Nbxd2 d5 9. exd5 Nxd5 10. Qb3 Nce7 11. O-O O-O 12. Rfe1 c6 13. Ne4 h6 14.
Rad1 Qc7 15. Ne5 Bf5 16. Qf3 Bxe4 17. Rxe4 Rad8 18. Rh4 Qd6 19. g4 Ng6 20. Rh5
Nxe5 21. dxe5 Qb4 22. Bb3 Nf4 23. Rf5 Rxd1+ 24. Qxd1 Qe4 25. f3 Qe3+ 26. Kf1
Nd3 27. Kg2 g6 28. Rf6 Kg7 29. Rd6 Ne1+ 30. Kg3 g5 31. Rd2 Rd8 0-1

[Event "Deutsche Ländermeisterschaft 2012"]
[Site "Hannover GER"]
[Date "2012.09.29"]
[Round "1"]
[White "Weber, Daniel"]
[Black "Zahn, Alina"]
[Result "1-0"]
[Termination "normal"]
[Board "1.4"]
[WhiteTitle "16"]
[BlackTitle "14w"]
[WhiteElo "1816"]
[BlackElo "1884"]
[WhiteTeam "Bayern"]
[BlackTeam "Thüringen"]
[PlyCount "81"]
[WhiteFideId "24615498"]
[BlackFideId "24696730"]
[EventCountry "GER"]
[EventRounds "7"]
[EventType "team-swiss"]
[EventDate "2012.09.28"]

1. d4 d5 2. Nf3 Nf6 3. e3 a6 4. b3 Bg4 5. Be2 e6 6. Ne5 Bxe2 7. Qxe2 Bd6 8. Bb2
O-O 9. O-O Nbd7 10. Nd2 Rc8 11. c4 c6 12. f4 Qe7 13. c5 Bc7 14. b4 Rfe8 15. a4
Nf8 16. b5 axb5 17. axb5 Bxe5 18. fxe5 N6d7 19. Ra7 Rb8 20. Nb3 cxb5 21. Qxb5
Qg5 22. Bc1 Rec8 23. Na5 b6 24. Nc6 bxc5 25. Nxb8 Rxb8 26. Qa4 Rb1 27. Qc2 Rb5
28. Rxd7 Nxd7 29. Qa4 Rb7 30. dxc5 h6 31. c6 Rc7 32. cxd7 Kh7 33. Bd2 Qe7 34.
Bb4 Qg5 35. Ba5 Qxe3+ 36. Kh1 Rc1 37. Qb5 Qf4 38. Qd3+ g6 39. Kg1 Rxf1+ 40.
Qxf1 Qd4+ 41. Kh1 1-0

[Event "Deutsche Ländermeisterschaft 2012"]
[Site "Hannover GER"]
[Date "2012.09.29"]
[Round "1"]
[White "Schätz, Bianca"]
[Black "Bilchinski, Anton"]
[Result "0-1"]
[Termination "normal"]
[Board "1.5"]
[WhiteTitle "18w"]
[BlackTitle "14"]
[WhiteElo "1811"]
[BlackElo "1891"]
[WhiteTeam "Thüringen"]
[BlackTeam "Bayern"]
[PlyCount "42"]
[WhiteFideId "24655821"]
[BlackFideId "24615765"]
[EventCountry "GER"]
[EventRounds "7"]
[EventType "team-swiss"]
[EventDate "2012.09.28"]

1. e4 c5 2. Nf3 e6 3. d4 cxd4 4. Nxd4 a6 5. Bd3 Qc7 6. O-O Nf6 7. Qe2 d6 8. c4
Be7 9. Nc3 b6 10. Be3 Bb7 11. f3 Nbd7 12. Nb3 O-O 13. Rac1 Rfd8 14. Rfd1 Rac8
15. c5 Nxc5 16. Nxc5 bxc5 17. Bxa6 d5 18. Bxb7 Qxb7 19. e5 Nd7 20. Bf4 c4 21.
Na4 Qa7+ 0-1

[Event "Deutsche Ländermeisterschaft 2012"]
[Site "Hannover GER"]
[Date "2012.09.29"]
[Round "1"]
[White "Dürr, Florian"]
[Black "Scheftlein, Richard"]
[Result "1/2-1/2"]
[Termination "normal"]
[Board "1.6"]
[WhiteTitle "12"]
[BlackTitle "14"]
[WhiteElo "1920"]
[BlackElo "1827"]
[WhiteTeam "Bayern"]
[BlackTeam "Thüringen"]
[PlyCount "91"]
[WhiteFideId "24659134"]
[BlackFideId "12945609"]
[EventCountry "GER"]
[EventRounds "7"]
[EventType "team-swiss"]
[EventDate "2012.09.28"]

1. e4 e6 2. d4 d5 3. Bd3 c5 4. c3 Nc6 5. Ne2 cxd4 6. cxd4 Nb4 7. Bb5+ Bd7 8.
Bxd7+ Qxd7 9. a3 Nc6 10. exd5 Qxd5 11. O-O Nf6 12. Nbc3 Qd7 13. Be3 Be7 14. b4
Bd8 15. Qb3 Ne7 16. Nf4 Bc7 17. Nd3 b6 18. Rfd1 Nfd5 19. Rac1 O-O 20. Rd2 Rac8
21. Rdc2 Nxc3 22. Rxc3 Nd5 23. R3c2 Bd6 24. Qb2 h6 25. Rc4 Rxc4 26. Rxc4 Rc8
27. Rxc8+ Qxc8 28. Qb3 Qc3 29. Qxc3 Nxc3 30. Nb2 Kf8 31. Kf1 Nd5 32. Bd2 Ke7
33. g3 Kd7 34. Ke2 a6 35. f3 Kc6 36. Kd3 h5 37. Be1 h4 38. Ke2 hxg3 39. hxg3
Bc7 40. Kd3 f6 41. Ke4 g5 42. Nc4 Kb5 43. Nb2 Kc6 44. Nc4 Kb5 45. Nb2 Kc6 46.
Nc4 1/2-1/2

[Event "Deutsche Ländermeisterschaft 2012"]
[Site "Hannover GER"]
[Date "2012.09.29"]
[Round "1"]
[White "Nguyen, Huy Dat"]
[Black "Berger, Nadja"]
[Result "1/2-1/2"]
[Termination "normal"]
[Board "1.7"]
[WhiteTitle "12"]
[BlackTitle "16w"]
[WhiteElo "1761"]
[BlackElo "1769"]
[WhiteTeam "Thüringen"]
[BlackTeam "Bayern"]
[PlyCount "62"]
[WhiteFideId "12923486"]
[BlackFideId "24692212"]
[EventCountry "GER"]
[EventRounds "7"]
[EventType "team-swiss"]
[EventDate "2012.09.28"]

1. d4 d5 2. Nf3 Nf6 3. c4 c6 4. g3 e6 5. Bg2 Nbd7 6. Qc2 Bd6 7. O-O O-O 8. Rd1
e5 9. dxe5 Nxe5 10. Nxe5 Bxe5 11. cxd5 cxd5 12. Bg5 Qb6 13. Bxf6 Bxf6 14. Nc3
d4 15. Nd5 Qd6 16. Qd3 Rd8 17. e3 Bg4 18. Rd2 dxe3 19. Nxf6+ Qxf6 20. Qxe3 Rxd2
21. Qxd2 Rd8 22. Qb4 Bf3 23. Re1 g6 24. Qa3 Bxg2 25. Kxg2 Qc6+ 26. Qf3 Qd7 27.
Re3 b6 28. b3 Qd6 29. a4 Kg7 30. Qb7 Rd7 31. Qf3 Rd8 1/2-1/2

[Event "Deutsche Ländermeisterschaft 2012"]
[Site "Hannover GER"]
[Date "2012.09.29"]
[Round "1"]
[White "Schneider, Jana"]
[Black "Allin, Katharina"]
[Result "1-0"]
[Termination "normal"]
[Board "1.8"]
[WhiteTitle "12w"]
[BlackTitle "12w"]
[WhiteElo "1665"]
[BlackElo "1135"]
[WhiteTeam "Bayern"]
[BlackTeam "Thüringen"]
[PlyCount "49"]
[WhiteFideId "12924997"]
[BlackFideId "12903779"]
[EventCountry "GER"]
[EventRounds "7"]
[EventType "team-swiss"]
[EventDate "2012.09.28"]

1. e4 e5 2. Nf3 Nc6 3. d4 exd4 4. Nxd4 Bc5 5. Be3 Qf6 6. c3 Nge7 7. Bc4 Ne5 8.
Be2 Qg6 9. O-O d6 10. Nb5 O-O 11. Nxc7 Rb8 12. Nd2 a6 13. Nd5 Nxd5 14. exd5 b5
15. Kh1 Bb7 16. Nf3 Qe4 17. Bxc5 dxc5 18. Nxe5 Qxe5 19. Bf3 Rfd8 20. Re1 Qg5
21. d6 Qf4 22. Bxb7 Rxb7 23. d7 Rbb8 24. Qe2 Kf8 25. Qe7+ 1-0

[Event "Deutsche Ländermeisterschaft 2012"]
[Site "Hannover GER"]
[Date "2012.09.29"]
[Round "1"]
[White "Schulz, Jens"]
[Black "Raum, Sebastian"]
[Result "1/2-1/2"]
[Termination "normal"]
[Board "2.1"]
[WhiteTitle "20"]
[BlackTitle "20"]
[WhiteElo "2269"]
[BlackElo "2159"]
[WhiteTeam "Niedersachsen 1"]
[BlackTeam "Niedersachsen 2"]
[PlyCount "124"]
[WhiteFideId "24675687"]
[BlackFideId "24673935"]
[EventCountry "GER"]
[EventRounds "7"]
[EventType "team-swiss"]
[EventDate "2012.09.28"]

1. e4 c5 2. Nf3 d6 3. d4 cxd4 4. Nxd4 Nf6 5. Nc3 a6 6. Be3 e6 7. f3 b5 8. Qd2
Nbd7 9. g4 Nb6 10. Bd3 Bb7 11. O-O-O Rc8 12. Kb1 b4 13. Nce2 d5 14. e5 Ne4 15.
Qe1 Nc5 16. f4 Qc7 17. Bc1 Nc4 18. Ng3 a5 19. Qe2 Be7 20. Rhe1 Qb6 21. f5 g6
22. b3 Na3+ 23. Bxa3 Nxd3 24. Qxd3 bxa3 25. Nge2 Ba6 26. Qf3 Rf8 27. Qh3 Rh8
28. fxe6 fxe6 29. Nf4 Bb4 30. Re3 Rf8 31. Nfxe6 Rf7 32. c3 Be7 33. Rf3 Rxf3 34.
Qxf3 a4 35. Ng7+ Kd7 36. Qxd5+ Kc7 37. Qe6 Qxe6 38. Ngxe6+ Kb6 39. Nf4 Bb7 40.
c4 Be4+ 41. Nc2 Rd8 42. Rxd8 Bxd8 43. Nd5+ Kc6 44. Nc3 Bd3 45. Kc1 Bg5+ 46. Kd1
axb3 47. axb3 Kc5 48. Na4+ Kc6 49. Nxa3 Bf4 50. Nc2 Bxc2+ 51. Kxc2 Bxh2 52. b4
Bxe5 53. b5+ Kc7 54. b6+ Kc6 55. Kd3 h5 56. Ke4 Bf6 57. Nc5 Be7 58. b7 Kc7 59.
Ne6+ Kxb7 60. Nf4 hxg4 61. Nxg6 Bd6 62. Nh4 Kc6 1/2-1/2

[Event "Deutsche Ländermeisterschaft 2012"]
[Site "Hannover GER"]
[Date "2012.09.29"]
[Round "1"]
[White "Hampel, Felix"]
[Black "Schreiner, Till"]
[Result "0-1"]
[Termination "normal"]
[Board "2.2"]
[WhiteTitle "18"]
[BlackTitle "18"]
[WhiteElo "2082"]
[BlackElo "2222"]
[WhiteTeam "Niedersachsen 2"]
[BlackTeam "Niedersachsen 1"]
[PlyCount "88"]
[WhiteFideId "24668125"]
[BlackFideId "24675555"]
[EventCountry "GER"]
[EventRounds "7"]
[EventType "team-swiss"]
[EventDate "2012.09.28"]

1. c4 Nf6 2. Nf3 g6 3. Nc3 Bg7 4. e4 d6 5. d4 O-O 6. Be2 e5 7. O-O Nc6 8. d5
Ne7 9. Ne1 Nd7 10. Nd3 f5 11. Bd2 fxe4 12. Nxe4 Nf5 13. f3 Nd4 14. Rc1 Nf6 15.
Ndf2 Nxe4 16. fxe4 Bf6 17. Bg4 Bg5 18. Bxc8 Rxc8 19. Nh3 Rxf1+ 20. Kxf1 Bxd2
21. Qxd2 Qh4 22. Qd3 Qg4 23. Qe3 Qh5 24. Rb1 Nf3 25. gxf3 Qxh3+ 26. Kg1 Rf8 27.
Rf1 b6 28. Qg5 Kg7 29. Qg2 Qd7 30. Qd2 Rf4 31. Kg2 g5 32. h3 h6 33. Qe2 Kf8 34.
Rc1 h5 35. Kg3 Kg7 36. Rg1 Qf7 37. Qe3 g4 38. hxg4 hxg4 39. fxg4 Qg6 40. Re1
Qxg4+ 41. Kh2 Qh5+ 42. Kg2 Qg5+ 43. Qg3 Rg4 44. Re3 Kh7 0-1

[Event "Deutsche Ländermeisterschaft 2012"]
[Site "Hannover GER"]
[Date "2012.09.29"]
[Round "1"]
[White "Düssler, Stefanie"]
[Black "Evers, Annika"]
[Result "1-0"]
[Termination "normal"]
[Board "2.5"]
[WhiteTitle "18w"]
[BlackTitle "18w"]
[WhiteElo "1973"]
[BlackElo "1807"]
[WhiteTeam "Niedersachsen 1"]
[BlackTeam "Niedersachsen 2"]
[PlyCount "51"]
[WhiteFideId "4634780"]
[BlackFideId "24691933"]
[EventCountry "GER"]
[EventRounds "7"]
[EventType "team-swiss"]
[EventDate "2012.09.28"]

1. e4 c5 2. Nf3 e6 3. d4 cxd4 4. Nxd4 Nf6 5. Nc3 Nc6 6. Be2 Bb4 7. O-O O-O 8.
Nxc6 bxc6 9. e5 Nd5 10. Ne4 Qc7 11. Nd6 f6 12. c4 Ne7 13. a3 Qa5 14. exf6 Bxd6
15. fxg7 Bxh2+ 16. Kxh2 Qe5+ 17. g3 Qxg7 18. Bd2 Bb7 19. c5 Nd5 20. Rc1 a5 21.
Rc4 Rf6 22. Bd3 Ne7 23. Rg4 Ng6 24. Bc3 Qh6+ 25. Kg2 Rff8 26. Rh1 1-0

[Event "Deutsche Ländermeisterschaft 2012"]
[Site "Hannover GER"]
[Date "2012.09.29"]
[Round "1"]
[White "Manusina, Nicole"]
[Black "Diederichs, Luise"]
[Result "1/2-1/2"]
[Termination "normal"]
[Board "2.6"]
[WhiteTitle "14w"]
[BlackTitle "16w"]
[WhiteElo "1800"]
[BlackElo "1827"]
[WhiteTeam "Niedersachsen 2"]
[BlackTeam "Niedersachsen 1"]
[PlyCount "87"]
[WhiteFideId "24657514"]
[BlackFideId "24661597"]
[EventCountry "GER"]
[EventRounds "7"]
[EventType "team-swiss"]
[EventDate "2012.09.28"]

1. d4 d5 2. c4 e6 3. Nc3 Nf6 4. Bg5 c6 5. e3 Be7 6. Nf3 Nbd7 7. Bd3 O-O 8. O-O
Re8 9. Rc1 dxc4 10. Bxc4 b5 11. Bd3 Bb7 12. Re1 a6 13. Bxf6 Nxf6 14. Ne4 Qb6
15. Qc2 h6 16. Ne5 Rac8 17. Nxf6+ gxf6 18. Bh7+ Kg7 19. Nxf7 f5 20. Bxf5 exf5
21. Ne5 c5 22. Qxf5 Qf6 23. Qd7 Be4 24. Qg4+ Bg6 25. Nd7 Qf5 26. Qxf5 Bxf5 27.
Nxc5 Bxc5 28. Rxc5 Rxc5 29. dxc5 a5 30. Rc1 Rc8 31. h3 Be6 32. b3 b4 33. c6 a4
34. f3 Kf6 35. Kf2 axb3 36. axb3 Bd5 37. Rc5 Bxb3 38. Rb5 Rxc6 39. Rxb4 Be6 40.
Rf4+ Kg6 41. Re4 Kf6 42. Rf4+ Kg6 43. Re4 Kf6 44. Rf4+ 1/2-1/2

[Event "Deutsche Ländermeisterschaft 2012"]
[Site "Hannover GER"]
[Date "2012.09.29"]
[Round "1"]
[White "Sieber, Fiona"]
[Black "Reuker, Jari"]
[Result "0-1"]
[Termination "normal"]
[Board "2.7"]
[WhiteTitle "12w"]
[BlackTitle "12"]
[WhiteElo "1800"]
[BlackElo "1784"]
[WhiteTeam "Niedersachsen 1"]
[BlackTeam "Niedersachsen 2"]
[PlyCount "80"]
[WhiteFideId "12902373"]
[BlackFideId "12909300"]
[EventCountry "GER"]
[EventRounds "7"]
[EventType "team-swiss"]
[EventDate "2012.09.28"]

1. e4 c5 2. Nf3 e6 3. d4 cxd4 4. Nxd4 Nc6 5. Nc3 Qc7 6. Be3 a6 7. Qd2 Nf6 8. f3
Bb4 9. Nxc6 bxc6 10. O-O-O O-O 11. Qd4 c5 12. Qc4 Bb7 13. a3 d5 14. exd5 exd5
15. Qb3 d4 16. axb4 dxe3 17. bxc5 Rab8 18. Qa3 Qf4 19. Be2 Qg5 20. g3 Rfd8 21.
Rhe1 Rd2 22. f4 Qh6 23. Rxd2 exd2+ 24. Kxd2 Qxh2 25. Qa5 Ne4+ 26. Kd1 Re8 27.
Nxe4 Bxe4 28. Qc3 h6 29. c6 Rd8+ 30. Kc1 Qf2 31. c7 Rc8 32. Rd1 Qxe2 33. Rd8+
Kh7 34. Kb1 Bf5 35. Qc5 Be6 36. b3 Qe1+ 37. Kb2 Qxg3 38. Qd6 Qg6 39. Qc5 Qf6+
40. Qd4 Qxd4+ 0-1

[Event "Deutsche Ländermeisterschaft 2012"]
[Site "Hannover GER"]
[Date "2012.09.29"]
[Round "1"]
[White "Wallat, Jessica"]
[Black "Rätzke von Stoyentin, Steffen"]
[Result "1/2-1/2"]
[Termination "normal"]
[Board "2.8"]
[WhiteTitle "12w"]
[BlackTitle "12"]
[WhiteElo "1580"]
[BlackElo "1755"]
[WhiteTeam "Niedersachsen 2"]
[BlackTeam "Niedersachsen 1"]
[PlyCount "88"]
[WhiteFideId "12909637"]
[BlackFideId "12907502"]
[EventCountry "GER"]
[EventRounds "7"]
[EventType "team-swiss"]
[EventDate "2012.09.28"]

1. e4 e5 2. Nf3 Nc6 3. Bc4 Bc5 4. c3 Nf6 5. d4 exd4 6. e5 d5 7. Bb5 Nd7 8. cxd4
Bb4+ 9. Bd2 Bxd2+ 10. Nbxd2 Nf8 11. Bxc6+ bxc6 12. Qc2 Bb7 13. Nb3 Rb8 14. Nc5
Bc8 15. O-O Ng6 16. Rab1 Ne7 17. Qc3 Bf5 18. Rbc1 O-O 19. a3 Rb6 20. b4 Qc8 21.
Nd2 Be6 22. Ndb3 f6 23. Na5 fxe5 24. dxe5 Bd7 25. Kh1 Rf5 26. f4 Be8 27. g4 Rf8
28. f5 Nxf5 29. gxf5 Rxf5 30. e6 Rg5 31. Rg1 Qd8 32. Rxg5 Qxg5 33. Rg1 Qh6 34.
e7 Bg6 35. Qf3 Rb8 36. Re1 Re8 37. Qf2 Bf7 38. Na6 Qd6 39. Qxa7 Rxe7 40. Rxe7
Qxe7 41. Qa8+ Be8 42. Nxc6 Qe4+ 43. Kg1 Qe1+ 44. Kg2 Qe2+ 1/2-1/2

[Event "Deutsche Ländermeisterschaft 2012"]
[Site "Hannover GER"]
[Date "2012.09.29"]
[Round "1"]
[White "Will, Dominik"]
[Black "Geske, Julian"]
[Result "1/2-1/2"]
[Termination "normal"]
[Board "3.1"]
[WhiteTitle "18"]
[BlackTitle "20"]
[WhiteElo "2085"]
[BlackElo "2401"]
[WhiteTeam "Hessen 2"]
[BlackTeam "Hessen 1"]
[PlyCount "93"]
[WhiteFideId "4696557"]
[BlackFideId "24605263"]
[EventCountry "GER"]
[EventRounds "7"]
[EventType "team-swiss"]
[EventDate "2012.09.28"]

1. e4 d5 2. exd5 Qxd5 3. Nc3 Qa5 4. d4 Nf6 5. Nf3 Bf5 6. Bc4 c6 7. Bd2 e6 8.
Nd5 Qd8 9. Nxf6+ gxf6 10. Bb3 Nd7 11. Qe2 Qc7 12. O-O-O O-O-O 13. Nh4 Bg6 14.
Qf3 Bd6 15. Nxg6 hxg6 16. h3 c5 17. dxc5 Nxc5 18. Bc3 Nxb3+ 19. axb3 Be5 20.
Bxe5 Qxe5 21. Qc3+ Qxc3 22. bxc3 Kc7 23. c4 Kc6 24. c3 a5 25. Kc2 Kc5 26. Rxd8
Rxd8 27. h4 f5 28. f4 a4 29. bxa4 Kxc4 30. Rb1 Rd7 31. Rb4+ Kc5 32. Rb5+ Kc6
33. g3 Rd5 34. Rb4 f6 35. Rc4+ Rc5 36. Rb4 e5 37. fxe5 fxe5 38. Kd2 Rd5+ 39.
Ke2 Ra5 40. Ke3 Rc5 41. Kd2 Rd5+ 42. Ke2 Kc7 43. Rc4+ Kd7 44. Rb4 Kc6 45. g4 e4
46. gxf5 gxf5 47. Rb5 1/2-1/2

[Event "Deutsche Ländermeisterschaft 2012"]
[Site "Hannover GER"]
[Date "2012.09.29"]
[Round "1"]
[White "Schröder, Jan-Christian"]
[Black "Elkmann, Janek"]
[Result "1-0"]
[Termination "normal"]
[Board "3.2"]
[WhiteTitle "14"]
[BlackTitle "18"]
[WhiteElo "2349"]
[BlackElo "2033"]
[WhiteTeam "Hessen 1"]
[BlackTeam "Hessen 2"]
[PlyCount "39"]
[WhiteFideId "24662259"]
[BlackFideId "24691925"]
[EventCountry "GER"]
[EventRounds "7"]
[EventType "team-swiss"]
[EventDate "2012.09.28"]

1. e4 e5 2. Nf3 Nc6 3. Bc4 Nf6 4. d3 Be7 5. O-O O-O 6. Re1 d6 7. c3 Kh8 8. h3
Ne8 9. d4 exd4 10. cxd4 f5 11. e5 g5 12. Bb3 Ng7 13. Nc3 g4 14. exd6 cxd6 15.
hxg4 fxg4 16. Nh2 Rxf2 17. Kxf2 g3+ 18. Kg1 gxh2+ 19. Kxh2 d5 20. Bf4 1-0

[Event "Deutsche Ländermeisterschaft 2012"]
[Site "Hannover GER"]
[Date "2012.09.29"]
[Round "1"]
[White "Bingert, Tim Niklas"]
[Black "Hahn, Markus"]
[Result "1/2-1/2"]
[Termination "normal"]
[Board "3.3"]
[WhiteTitle "14"]
[BlackTitle "18"]
[WhiteElo "1931"]
[BlackElo "2195"]
[WhiteTeam "Hessen 2"]
[BlackTeam "Hessen 1"]
[PlyCount "40"]
[WhiteFideId "12917907"]
[BlackFideId "24654647"]
[EventCountry "GER"]
[EventRounds "7"]
[EventType "team-swiss"]
[EventDate "2012.09.28"]

1. e4 c5 2. Nf3 e6 3. d4 cxd4 4. Nxd4 a6 5. Bd3 Nf6 6. Qe2 d6 7. c4 Qc7 8. O-O
g6 9. Nc3 Bg7 10. Nf3 Nc6 11. Bf4 e5 12. Be3 Bg4 13. h3 Bxf3 14. Qxf3 O-O 15.
Rac1 Rac8 16. Nd5 Nxd5 17. cxd5 Nd4 18. Qd1 Qd7 19. Qd2 Bf6 20. b3 Rxc1 1/2-1/2

[Event "Deutsche Ländermeisterschaft 2012"]
[Site "Hannover GER"]
[Date "2012.09.29"]
[Round "1"]
[White "Galkin, Wladislaw"]
[Black "Keller, Peter"]
[Result "1/2-1/2"]
[Termination "normal"]
[Board "3.4"]
[WhiteTitle "16"]
[BlackTitle "14"]
[WhiteElo "2091"]
[BlackElo "1966"]
[WhiteTeam "Hessen 1"]
[BlackTeam "Hessen 2"]
[PlyCount "45"]
[WhiteFideId "4603192"]
[BlackFideId "1272105"]
[EventCountry "GER"]
[EventRounds "7"]
[EventType "team-swiss"]
[EventDate "2012.09.28"]

1. c4 Nf6 2. g3 g6 3. Bg2 Bg7 4. Nc3 O-O 5. e4 d6 6. Nge2 c5 7. O-O Nc6 8. d3
Ne8 9. Be3 Nd4 10. Bxd4 cxd4 11. Nb5 Qb6 12. Rb1 Nc7 13. Nxc7 Qxc7 14. b4 Bg4
15. f3 Bd7 16. f4 a5 17. b5 b6 18. f5 Rae8 19. h4 Bf6 20. Qd2 e6 21. fxg6 fxg6
22. Nf4 Bg7 23. Bh3 1/2-1/2

[Event "Deutsche Ländermeisterschaft 2012"]
[Site "Hannover GER"]
[Date "2012.09.29"]
[Round "1"]
[White "Spitzl, Vinzent"]
[Black "Bluhm, Sonja Maria"]
[Result "1/2-1/2"]
[Termination "normal"]
[Board "3.5"]
[WhiteTitle "12"]
[BlackTitle "14w"]
[WhiteElo "1729"]
[BlackElo "1981"]
[WhiteTeam "Hessen 2"]
[BlackTeam "Hessen 1"]
[PlyCount "92"]
[WhiteFideId "12901253"]
[BlackFideId "24654027"]
[EventCountry "GER"]
[EventRounds "7"]
[EventType "team-swiss"]
[EventDate "2012.09.28"]

1. e4 e5 2. Nf3 Nc6 3. Bb5 a6 4. Ba4 Nf6 5. O-O Be7 6. Re1 b5 7. Bb3 d6 8. c3
O-O 9. h3 Nb8 10. d4 Nbd7 11. Nbd2 Bb7 12. Bc2 Re8 13. Nf1 Bf8 14. Ng3 g6 15.
b3 c5 16. d5 Nb6 17. Nh2 c4 18. Ng4 Nxg4 19. Qxg4 cxb3 20. Bxb3 Rc8 21. Bd2 Bg7
22. Qe2 Rf8 23. a4 Nc4 24. Bxc4 Rxc4 25. axb5 axb5 26. Reb1 Qd7 27. Ra5 Rc5 28.
c4 Rxc4 29. Raxb5 Rc7 30. Ba5 Ba6 31. Bxc7 Qxc7 32. Qb2 Bxb5 33. Qxb5 Rc8 34.
Qb6 Kf8 35. Qxc7 Rxc7 36. Kf1 Ke7 37. Rb2 Bh6 38. Ke2 Bf4 39. Nf1 f5 40. f3 Kf6
41. g3 Bh6 42. g4 fxe4 43. fxe4 Kg5 44. Rb6 Bf8 45. Rc6 Rf7 46. Rc3 h5 1/2-1/2

[Event "Deutsche Ländermeisterschaft 2012"]
[Site "Hannover GER"]
[Date "2012.09.29"]
[Round "1"]
[White "Liez, Franziska"]
[Black "Schneider, Sabrina"]
[Result "1/2-1/2"]
[Termination "normal"]
[Board "3.6"]
[WhiteTitle "16w"]
[BlackTitle "14w"]
[WhiteElo "1920"]
[BlackElo "1548"]
[WhiteTeam "Hessen 1"]
[BlackTeam "Hessen 2"]
[PlyCount "38"]
[WhiteFideId "1271766"]
[BlackFideId "12951986"]
[EventCountry "GER"]
[EventRounds "7"]
[EventType "team-swiss"]
[EventDate "2012.09.28"]

1. e4 e5 2. Nf3 Nc6 3. Nc3 Nf6 4. d4 exd4 5. Nxd4 Bb4 6. Nxc6 bxc6 7. Bd3 d5 8.
exd5 cxd5 9. Bd2 O-O 10. O-O c6 11. a3 Ba5 12. h3 Bc7 13. Ne2 c5 14. c3 h5 15.
Nf4 Qd6 16. g3 h4 17. Kh2 hxg3+ 18. fxg3 g6 19. Qf3 Kg7 1/2-1/2

[Event "Deutsche Ländermeisterschaft 2012"]
[Site "Hannover GER"]
[Date "2012.09.29"]
[Round "1"]
[White "Diener, Carolin Valeria"]
[Black "Nothnagel, Marian Can"]
[Result "1/2-1/2"]
[Termination "normal"]
[Board "3.7"]
[WhiteTitle "12w"]
[BlackTitle "12"]
[WhiteElo "1710"]
[BlackElo "1738"]
[WhiteTeam "Hessen 2"]
[BlackTeam "Hessen 1"]
[PlyCount "119"]
[WhiteFideId "24699063"]
[BlackFideId "12921530"]
[EventCountry "GER"]
[EventRounds "7"]
[EventType "team-swiss"]
[EventDate "2012.09.28"]

1. e4 c5 2. Nf3 d6 3. d4 cxd4 4. Nxd4 Nf6 5. Nc3 a6 6. a4 e6 7. Nb3 Be7 8. Be3
b6 9. Be2 Bb7 10. Bf3 Qc7 11. O-O O-O 12. Qd3 Nc6 13. Bf4 Rfd8 14. Qe3 Rac8 15.
Rfe1 Nd7 16. Rad1 Nde5 17. Be2 Ng6 18. Bg3 Bf6 19. Rd2 Nge7 20. Red1 e5 21. Kh1
Nd4 22. Nc1 Ng6 23. Bg4 Rb8 24. Nd3 Qe7 25. f4 exf4 26. Nxf4 Nxf4 27. Bxf4 b5
28. axb5 axb5 29. Rxd4 Bxd4 30. Rxd4 Bc6 31. Rd1 b4 32. Nd5 Bxd5 33. Rxd5 Re8
34. Bf3 Rbd8 35. Qd2 Qf6 36. Bg5 Qxb2 37. Bxd8 Rxd8 38. h3 h6 39. Rxd6 Rxd6 40.
Qxd6 Qxc2 41. Qxb4 Qc1+ 42. Kh2 Qf4+ 43. Kg1 Qc1+ 44. Kf2 Qc2+ 45. Ke3 Qc7 46.
Qb5 Qc1+ 47. Kf2 Qd2+ 48. Kg3 Qd8 49. Qf5 g6 50. Qf4 Kg7 51. e5 Qe7 52. Bd5 g5
53. Qf5 Qa3+ 54. Kh2 Qe7 55. Bc4 h5 56. Bd5 g4 57. Qxh5 gxh3 58. gxh3 f6 59.
Qg4+ Kh6 60. Be4 1/2-1/2